Economic aspects of nuclear waste storage
Prezentácia nových možností uskladnenia jadrového odpadu (použitého jadrového paliva) pomocou bentonitu s výbornými adsorpčnými vlastnosťami. Práve chemické vlastnosti bentonitu, ako aj relatívne nízke náklady tohto prírodného materiálu predstavujú pre 21. storočie jednu z možností pre trvalé usklad...
Guardado en:
| Autor principal: | |
|---|---|
| Otros Autores: | , |
| Formato: | Capítulo de libro |
| Lenguaje: | inglés |
| Materias: | |
| Etiquetas: |
Sin Etiquetas, Sea el primero en etiquetar este registro!
|
MARC
| LEADER | 00000naa a2200000 4500 | ||
|---|---|---|---|
| 001 | 0184019 | ||
| 005 | 20240502073144.3 | ||
| 041 | 0 | |a eng | |
| 044 | |a SK | ||
| 245 | 1 | 0 | |a Economic aspects of nuclear waste storage |c Sergej Strajňák, Tomáš Schütz, Lenka Pčolinská |
| 520 | |a Prezentácia nových možností uskladnenia jadrového odpadu (použitého jadrového paliva) pomocou bentonitu s výbornými adsorpčnými vlastnosťami. Práve chemické vlastnosti bentonitu, ako aj relatívne nízke náklady tohto prírodného materiálu predstavujú pre 21. storočie jednu z možností pre trvalé uskladnenie takéhoto typu nebezpečného odpadu. Výsledky výskumu adsorpčných vlastností chemicky aktivovaného bentonitu. | ||
| 610 | 2 | 0 | |a odpad |
| 610 | 2 | 0 | |a energia atómová |
| 610 | 2 | 0 | |a manažment |
| 100 | 1 | |a Strajňák, Sergej | |
| 700 | 1 | |a Schütz, Tomáš | |
| 700 | 1 | |a Pčolinská, Lenka | |